000
00274nam a22001217a 4500
008
170502b xxu||||| |||| 00| 0 eng d
041
_a
eng
080
_2
4TH
_a
34
100
_a
13
101
_a
SHJ
245
_a
INSURANCE LAW AND REGULATION
_c
ABRAHAM, K.S
942
_2
udc
_c
BK
999
_c
12333
_d
12333